Southville International School and Colleges
Your cart is empty.
  • Cart
  • Lists
    Public lists Eva Luna New books Lux_list list_1
    Your lists Log in to create your own lists
  • Log in to your account
  • Your cookies
  • Search history
Southville International School and Colleges
  • Advanced search
  • Recent comments
  • Most popular
  • Libraries

Log in to your account

Log in with GOOGLE


If you do not have an external account, but do have a local account, you can still log in:

  1. Home
  2. MARC view: Film production management /
Normal view MARC view ISBD view

Film production management / (Record no. 21587)

[ view plain ]
MARC details
000 -LEADER
fixed length control field 00509nam a2200193 a 4500
005 - DATE AND TIME OF LATEST TRANSACTION
control field 20140310183332.0
008 - FIXED-LENGTH DATA ELEMENTS--GENERAL INFORMATION
fixed length control field 060825s19uu xx 00 eng d
020 ## - INTERNATIONAL STANDARD BOOK NUMBER
International Standard Book Number 9780240806952
050 ## - LIBRARY OF CONGRESS CALL NUMBER
Classification number PN 1995.9.P7
Item number .C54 2006
100 ## - MAIN ENTRY--PERSONAL NAME
Personal name Cleve, Bastian
245 ## - TITLE STATEMENT
Title Film production management /
Statement of responsibility, etc Bastian Cleve.
250 ## - EDITION STATEMENT
Edition statement 3rd ed.
260 ## - PUBLICATION, DISTRIBUTION, ETC. (IMPRINT)
Place of publication, distribution, etc Amsterdam :
Name of publisher, distributor, etc Focal Press,
Date of publication, distribution, etc 2006.
300 ## - PHYSICAL DESCRIPTION
Extent 226 p. :
Dimensions 26 cm.
521 ## - TARGET AUDIENCE NOTE
Target audience note
650 ## - SUBJECT ADDED ENTRY--TOPICAL TERM
Topical term or geographic name as entry element Film production.
942 ## - ADDED ENTRY ELEMENTS (KOHA)
Koha item type Books
Source of classification or shelving scheme Library of Congress Classification
Call number prefix Foreign
Holdings
Withdrawn status Lost status Source of classification or shelving scheme Damaged status Home library Current library Shelving location Date acquired Source of acquisition Total Checkouts Full call number Barcode Date last seen Date checked out Copy number Price effective from Koha item type
    Library of Congress Classification   College Library College Library General Circulation Section 08/25/2006 Donation 1 PN 1995.9.P7 .C54 2006 C7542 11/15/2019 11/08/2019 1 03/10/2014 Books

Film production management /

APA

Cleve B., . (2006). Film production management. Amsterdam: Focal Press.

Chicago

Cleve Bastian, . 2006. Film production management. Amsterdam: Focal Press.

Harvard

Cleve B., . (2006). Film production management. Amsterdam: Focal Press.

MLA

Cleve Bastian, . Film production management. Amsterdam: Focal Press. 2006.

  • Place hold
  • Print
  • Cite
  • Add to your cart (remove)
  • Save record
    BIBTEX Dublin Core MARCXML MARC (non-Unicode/MARC-8) MARC (Unicode/UTF-8) MARC (Unicode/UTF-8, Standard) MODS (XML) RIS
  • More searches
    Search for this title in:
    Other Libraries (WorldCat) Other Databases (Google Scholar) Online Stores (Bookfinder.com) Open Library (openlibrary.org)

Exporting to Dublin Core...

SOUTHVILLE LIBRARY

Southville International School and Colleges Library

1281 Tropical Ave. Cor. Luxembourg St., BF Homes International, Las Pinas City

Tel. No. 8256374 / 252358 Loc. 117/146

Powered by Koha